| 000 | 00717cam a2200241 a 4500 | ||
|---|---|---|---|
| 001 | 82701 | ||
| 003 | BD-RjUL | ||
| 005 | 20240121123254.0 | ||
| 008 | 240121s19611339ir 000 0 peroc | ||
| 035 | _a(BD-RjUL)82701 | ||
| 040 |
_aCGU _cCGU _dCSt _dDLC-R _dDLC _beng |
||
| 041 | 0 |
_aper _beng |
|
| 082 |
_223 _a891.5511 _bMAS 1961 |
||
| 100 | 0 |
_aFirdawsī. _9249436 |
|
| 245 | 1 | 0 |
_aشاهنامۀ فردوسى : / = Shahnama-e-Firdausi / _cوحشي محمود ابادي ;; Wahshi Mahmudabadi |
| 246 | 1 | 5 | _aShāhnāma |
| 260 |
_aIndia : _bMashhura book, _c1961 |
||
| 300 |
_a112 p. ; _c18 cm. |
||
| 650 |
_aFersian Poetry _910980 |
||
| 942 |
_2ddc _cBK |
||
| 999 |
_c82701 _d82701 |
||